Rozpoznaj gwiazdy tenisa - Statystyki

Ogólne statystyki
  • Ten quiz został rozwiązany 102 razy
  • Średni wynik to 15 z 36
Statystyki odpowiedzi
Obrazkowy Hint Odpowiedź % Poprawnych
Polska Iga Świątek
96%
Hiszpania Rafael Nadal
94%
Serbia Novak Djoković
92%
Hiszpania Carlos Alcaraz
87%
Stany Zjednoczone Serena Williams
85%
Polska Agnieszka Radwańska
84%
Wielka Brytania Andy Murray
84%
Szwajcaria Roger Federer
81%
Japonia Naomi Ōsaka
74%
Szwajcaria Stan Wawrinka
66%
Rosja Marija Szarapowa
61%
Niemcy Steffi Graf
61%
Szwecja Björn Borg
53%
Stany Zjednoczone Pete Sampras
45%
Australia Ashleigh Barty
44%
Stany Zjednoczone Andre Agassi
36%
Czechy/Stany Zjednoczone Martina Navrátilová
33%
Niemcy Boris Becker
32%
Belgia Kim Clijsters
32%
Stany Zjednoczone Billie Jean King
31%
Belgia Justine Henin
26%
Szwajcaria Martina Hingis
26%
Stany Zjednoczone John McEnroe
25%
Jugosławia/Stany Zjednoczone Monica Seles
25%
Stany Zjednoczone Chris Evert
22%
Czechy Ivan Lendl
22%
Szwecja Mats Wilander
21%
Australia Margaret Smith Court
19%
Australia Rod Laver
19%
Stany Zjednoczone Arthur Ashe
14%
Szwecja Stefan Edberg
12%
Stany Zjednoczone Jimmy Connors
9%
Francja René Lacoste
9%
Czechy/Egipt Jaroslav Drobný
5%
Brazylia Maria Bueno
4%
Australia Roy Emerson
4%
Nie znaleziono quizów pasujących do podanych kryteriów
Rozkład punktacji
Procent ludzi z każdym wynikiem
Percentyl według liczby udzielonych odpowiedzi
Twoja historia wyników
Nie rozwiązałeś tego quizu